| 000 | 00896nam a2200265 4500 | ||
|---|---|---|---|
| 003 | OSt | ||
| 005 | 20260601193849.0 | ||
| 008 | 260505b1992 |||||||| |||| 00| 0 eng d | ||
| 020 | _a968887180x | ||
| 040 |
_cICI _aspa _bICI |
||
| 050 |
_aTX653 _bC6318 1992 |
||
| 100 | 1 |
_aCrane, Robin, _eautor _931901 |
|
| 245 | 1 |
_aCocinas / _cCrane-Dixon ; vers. castellana de Carlos Saenz de Valicourt |
|
| 264 |
_aMéxico : _bGustavo Gili, _c1992 |
||
| 300 |
_a1 volumen (sin pág.) _bilustraciones |
||
| 336 |
_atexto _2rdacontent |
||
| 337 |
_asin medio _2rdamedia |
||
| 338 |
_avolumen _2rdacarrier |
||
| 490 | 0 | _aColección dimensiones en arquitectura | |
| 500 | _aTraducción de: architect's data sheets : food preparation spaces | ||
| 650 |
_aCocinas _xDiseño y construcción |
||
| 700 | 1 |
_aSáenz de Valicourt, Carlos, _etraductor |
|
| 710 |
_aDixon, Malcolm, _eautor _931904 |
||
| 942 |
_2lcc _cB _n1 |
||
| 999 |
_c21762 _d21762 |
||